000 005400000a22001810004500
003 MACL
005 20160224140320.0
008 160224b xxu||||| |||| 00| 0 eng d
040 _aMACL
_cMACL
041 _aHindi
082 _a800
100 _aप्रो श्रीचन्‍द्र जैन
_940035
245 _aमोरी धरती मैया
260 _bयूनिवर्सिटी बुक डिपो
_c1957
_aआगरा
350 _a2.50
650 _aLiteracture
_939932
942 _cHIN
_k800
_2ddc
999 _c24511
_d24511